000 00734nam a2200253Ia 4500
003 OSt
005 20220925220841.0
006 a|||||r|||| 00| 0
007 ta
008 220923b |||||||| |||| 00| 0 eng d
020 _a0333665228
037 _cGeneral Book
040 _aRTL
_cRTL
_beng
041 _2eng
_aeng
082 _aX61, N9
100 _aLapavitsas Costas
_9285437
245 0 _aPolitical economy of money and finance
260 _aLondon
_bMacmillan Press
_c1999
300 _axviii, 301p Bibliography: P 283-96
_ccm.
650 _aMonetary Economics
_9231636
700 _a Itoh Makoto
_915999
942 _hX61, N9
_cGB
_2CC
999 _c572695
_d572695